|
|
|
|
| LEADER |
00000cam a2200000 7i4500 |
| 001 |
0000006389 |
| 005 |
20220116093000.0 |
| 008 |
021119n |
| 090 |
0 |
0 |
|a BP104.4
|b .H356
|
| 100 |
0 |
|
|a Hamka ,
|d 1908-1981 ,
|e author
|
| 245 |
1 |
0 |
|a Tafsir al-azhar
|c Hamka
|
| 260 |
2 |
|
|a Surabaya :
|b Yayasan Latimojong, Jakarta :
|b Yayasan Nurulislam ,
|c [198?]
|
| 300 |
|
|
|a 9 v. ;
|c 22 cm.
|
| 504 |
|
|
|a Includes bibliographical references
|
| 630 |
0 |
0 |
|a Qur'an
|x Commentaries
|
| 999 |
|
|
|a 1000002019
|b Book
|c OPEN SHELF (30 DAYS)
|e Gong Badak Campus
|
| 999 |
|
|
|a 1000002020
|b Book
|c OPEN SHELF (30 DAYS)
|e Gong Badak Campus
|
| 999 |
|
|
|a 1000002021
|b Book
|c OPEN SHELF (30 DAYS)
|e Gong Badak Campus
|
| 999 |
|
|
|a 1000002022
|b Book
|c OPEN SHELF (30 DAYS)
|e Gong Badak Campus
|
| 999 |
|
|
|a 1000002023
|b Book
|c OPEN SHELF (30 DAYS)
|e Gong Badak Campus
|
| 999 |
|
|
|a 1000048608
|b Book
|c OPEN SHELF (30 DAYS)
|e Gong Badak Campus
|
| 999 |
|
|
|a 1000057853
|b Book
|c OPEN SHELF (30 DAYS)
|e Gong Badak Campus
|
| 999 |
|
|
|a 1000081840
|b Book
|c OPEN SHELF (30 DAYS)
|e Gong Badak Campus
|